00467nam a2200133 a 450000100100000000500170001000800410002704000250006810000190009324500890011226000630020130000400026450400290030400003185920200930063233.0110706s2007 dr abc 000 0 spa d aDO-SdBNPbspacBNPHU1 aSuriel, Carlos10aGuía áreas protegidas, flora y fauna :bRepública Dominicana /cCarlos Suriel. aSanto Domingo :bSecretaría de Estado de Turismo,c2007. a82 p. :bil.,map., retrs. ;c21 cm. aBibliografía: p. 79-82